Flags of Countries that Gained Independence From France - Statistics

General Stats
  • This quiz has been taken 18 times
  • The average score is 24 of 25
Answer Stats
Picture Answer % Correct
Algeria
100%
Andorra
100%
Benin
100%
Cambodia
100%
Cameroon
100%
Ivory Coast
100%
Laos
100%
Lebanon
100%
Morocco
100%
Senegal
100%
Togo
100%
Tunisia
100%
Burkina Faso
93%
Central African Republic
93%
Chad
93%
Djibouti
93%
Gabon
93%
Guinea
93%
Haiti
93%
Madagascar
93%
Mali
93%
Mauritania
93%
Niger
93%
Republic Of The Congo
93%
Vanuatu
87%
No matching quizzes found
Score Distribution
Percent of People with Each Score
Percentile by Number Answered
Your Score History
You have not taken this quiz